000 00596nam a2200229Ia 4500
003 GCL
008 140319s9999 xx 000 0 ara d
040 _aGCL /
_cGCL
082 0 4 _a001.94
_bر هـ
100 1 _aراجى عنايت
245 1 0 _aهذا الغد العجيب /
_cراجى عنايت
300 _a190
490 _aاغرب من الخيال
_v0
650 0 4 _aالتعليم
650 0 4 _aالاتصالات
650 0 4 _aالطاقة
650 0 4 _aالصناعة
650 0 4 _aالمواصلات
650 0 4 _aالنقل
650 0 4 _aالخيال
942 _2ddc
_cBK
999 _c41352
_d41352